000 00349nam a2200145Ia 4500
008 230711s9999||||xx |||||||||||||| ||und||
041 _aENG
082 _a4
_bBP-M
100 _aBPB Publish
245 0 _aMicroprocessor data handbook
250 _a1st
260 _c1994
_aNew Delhi
_bBPB Publications
650 _aComputer Engineering
942 _cBK
999 _c2683
_d2683